| 000 | 01218nam a22003257a 4500 | ||
|---|---|---|---|
| 003 | CHAP | ||
| 005 | 20220329133947.0 | ||
| 008 | 971013s1992 r 00010 d | ||
| 010 | _a13271 | ||
| 011 | _a14243 | ||
| 035 | _a18316 | ||
| 040 | _cCHAP | ||
| 090 | _aTesis | ||
| 100 | 0 | 0 |
_aBernot Silis, Paulino Miguel N. _911955 |
| 245 | _aAspectos del comportamiento y biología del barrenillo del chile Anthonomus eugenii Cano (Coleóptera : Curculionidae) aplicados al control químico de la plaga | ||
| 260 |
_aMonterrey, N.L. : _bEl autor, _c1992 |
||
| 300 |
_a95 h. _b: ilus. ; gráfs |
||
| 502 | _aTesis (M.C. Esp. en Sanidad Vegetal) -- ITESM. División de Graduados e Investigación. Programa de Graduados en Agricultura | ||
| 590 |
_aALEPH _b10 _c20130110 _lUCH01 _h1232 |
||
| 590 |
_aBATCH-UPD _b10 _c20130110 _lUCH01 _h1647 |
||
| 590 |
_aBATCH-UPD _b10 _c20130410 _lUCH01 _h1036 |
||
| 590 |
_aBATCH-UPD _b10 _c20130914 _lUCH01 _h0352 |
||
| 590 |
_aCONVERSION _b10 _c20130109 _lUCH01 _h1309 |
||
| 650 | 1 | 4 |
_aAnthonomus eugenii. _96036 |
| 650 | 1 | 4 |
_aChile (Botánica) _xPlagas. _922380 |
| 650 | 1 | 4 |
_aControl de plagas. _927595 |
| 901 | _aBK | ||
| 942 | _cTESIS | ||
| 949 |
_bBC _cTES _d-42781 _eTS1 _h30242 _i18316 _si |
||
| 999 |
_c13271 _d13271 |
||